[Event "Continental op 48th"]
[Site "Sturbridge"]
[Date "2018.08.16"]
[Round "2"]
[White "Kim, Yoon Young"]
[Black "Riddell, Connor"]
[Result "1-0"]
[WhiteElo "2360"]
[BlackElo "1716"]
[PlyCount "43"]
[EventDate "2018.08.16"]
[EventType "swiss"]
[EventRounds "9"]
[EventCountry "USA"]
[SourceTitle "CBM 186 Extra"]
[Source "ChessBase"]
[SourceDate "2018.08.24"]
[SourceVersion "1"]
[SourceVersionDate "2018.08.24"]
[SourceQuality "1"]

1. d4 Nf6 2. c4 c5 3. d5 e5 4. Nc3 d6 5. g3 Be7 6. Bg2 0-0 7. e4 Ne8 8. h4 f5 9. exf5 Bxf5 10. Bh3 g6 11. h5 Bg5 12. hxg6 hxg6 13. Bxf5 Rxf5 14. Ne4 Bxc1 15. Qxc1 Qe7 16. Ne2 Nd7 17. g4 Rf7 18. Qh6 Rg7 19. Ng5 Kf8 20. Qh8+ Rg8 21. Ne6+ Kf7 22. Rh7+ 1-0